| Tag |
First Indicator |
Second Indicator |
Subfields |
| LEADER |
00000cam a22000001a 4500 |
| 001 |
in00003213721 |
| 006 |
m d f |
| 007 |
cr bn mmmapmmp |
| 008 |
091020s1985 dcua ob f000 0 eng d |
| 005 |
20260511211555.2 |
| 035 |
|
|
|a cis2007448800
|
| 040 |
|
|
|a UMI
|c UMI
|d UtOrBLW
|
| 043 |
|
|
|a n-us---
|
| 074 |
|
|
|a 1019-A, 1019-B (microfiche)
|
| 086 |
0 |
|
|a Y 4.En 2/3:99-22
|
| 088 |
|
|
|a Serial no. 99-22 (United States. Congress. House. Committee on Energy and Commerce)
|
| 099 |
|
|
|a HRG-1985-HEC-0017
|
| 110 |
1 |
|
|a United States.
|b Congress.
|b House.
|b Committee on Energy and Commerce.
|b Subcommittee on Energy Conservation and Power.
|
| 245 |
1 |
0 |
|a NRC authorization for fiscal years 1986-87 :
|b hearing before the Subcommittee on Energy Conservation and Power of the Committee on Energy and Commerce, House of Representatives, Ninety-ninth Congress, first session, April 17, 1985.
|
| 264 |
|
1 |
|a Washington :
|b U.S. G.P.O.,
|c 1985.
|
| 300 |
|
|
|a 1 online resource.
|
| 336 |
|
|
|a text
|b txt
|2 rdacontent
|
| 337 |
|
|
|a computer
|b c
|2 rdamedia
|
| 338 |
|
|
|a online resource
|b cr
|2 rdacarrier
|
| 500 |
|
|
|a Record is based on bibliographic data in ProQuest Congressional Hearings Digital Collection. Reuse except for individual research requires license from ProQuest, LLC.
|
| 504 |
|
|
|a Shipping list number: 85-941-P.
|
| 538 |
|
|
|a System requirements: PDF reader software.
|
| 500 |
|
|
|a Electronic resource.
|
| 610 |
2 |
0 |
|a U.S. Nuclear Regulatory Commission
|x Appropriations and expenditures.
|
| 655 |
|
7 |
|a Electronic books.
|2 local
|
| 710 |
2 |
|
|a ProQuest (Firm)
|
| 776 |
0 |
8 |
|i Print version:
|a United States. Congress. House. Committee on Energy and Commerce. Subcommittee on Energy Conservation and Power.
|t NRC authorization for fiscal years 1986-87
|w (OCoLC)12685008
|w gp 86001970
|
| 776 |
0 |
8 |
|i Microfiche version:
|a United States. Congress. House. Committee on Energy and Commerce. Subcommittee on Energy Conservation and Power.
|t NRC authorization for fiscal years 1986-87.
|d [Bethesda, Md.] : ProQuest,[2004]
|o CIS 85 H361-90
|w (ProQuest)cis08500598
|
| 830 |
|
0 |
|a U.S. Congressional Hearings.
|
| 856 |
4 |
0 |
|u http://proxy.library.tamu.edu/login?url=https://congressional.proquest.com/congcomp/getdoc?HEARING-ID=HRG-1985-HEC-0017
|z Connect to the full text of this electronic book
|t 0
|
| 998 |
|
|
|a cis08500598
|
| 999 |
|
|
|a MARS
|
| 999 |
f |
f |
|s 6323ee68-df5f-3731-a1ba-c37336e4d2e3
|i a3142c15-187d-39da-b36b-93f4ef4c3617
|t 0
|
| 952 |
f |
f |
|a Texas A&M University
|b College Station
|c Electronic Resources
|s www_evans
|d Available Online
|t 0
|e HRG-1985-HEC-0017
|h Other scheme
|
| 998 |
f |
f |
|a HRG-1985-HEC-0017
|t 0
|l Available Online
|